Alabe raíchali wichi japi rika ralamu = Mensajes buenos caen como rayo (Record no. 205171)
[ view plain ]
| 000 -CABECERA | |
|---|---|
| campo de control de longitud fija | 01092nam a2200277 u 4500 |
| 005 - FECHA Y HORA DE LA ÚLTIMA TRANSACCIÓN | |
| campo de control | 20231128063644.0 |
| 008 - ELEMENTOS DE LONGITUD FIJA--INFORMACIÓN GENERAL | |
| campo de control de longitud fija | 190924s2010 mx a r 000 0 spa d |
| 020 ## - NÚMERO INTERNACIONAL NORMALIZADO PARA LIBROS | |
| Número Internacional Estándar del Libro | 9786077879121 |
| 035 ## - NÚMERO DE CONTROL DEL SISTEMA | |
| Número de control de sistema | UPN01000233076 |
| 040 ## - FUENTE DE LA CATALOGACIÓN | |
| Centro catalogador/agencia de origen | MX-MxUPN |
| Lengua de catalogación | spa |
| Centro/agencia transcriptor | MX-MxUPN |
| 050 ## - SIGNATURA TOPOGRÁFICA DE LA BIBLIOTECA DEL CONGRESO | |
| Número de clasificación | F1221 T25 |
| Número de documento/Ítem | A43 2010 |
| 245 00 - MENCIÓN DE TÍTULO | |
| Título | Alabe raíchali wichi japi rika ralamu = Mensajes buenos caen como rayo |
| 250 ## - MENCIÓN DE EDICIÓN | |
| Mención de edición | Primera edición |
| 260 ## - PUBLICACIÓN, DISTRIBUCIÓN, ETC. | |
| Lugar de publicación, distribución, etc. | México, D.F. : |
| Nombre del editor, distribuidor, etc. | Secretaría de Educación Pública, Dirección General de Educación Indígena, |
| Fecha de publicación, distribución, etc. | 2010. |
| 300 ## - DESCRIPCIÓN FÍSICA | |
| Extensión | 67 páginas : ilustraciones a color |
| 490 ## - MENCIÓN DE SERIE | |
| Mención de serie | Semilla de palabras |
| 650 #0 - ASIENTO SECUNDARIO DE MATERIA - TERMINO TEMATICO | |
| 9 (RLIN) | 48752 |
| Término de materia o nombre geográfico como elemento de entrada | Tarahumaras |
| Subdivisión general | Vida social y costumbres |
| Subdivisión de forma | Literatura infantil |
| 650 #4 - ASIENTO SECUNDARIO DE MATERIA - TERMINO TEMATICO | |
| Término de materia o nombre geográfico como elemento de entrada | Indígenas de México |
| Subdivisión geográfica | Chihuahua |
| Subdivisión general | Vida social y costumbres |
| Subdivisión de forma | Literatura infantil |
| 9 (RLIN) | 48764 |
| 700 1# - ASIENTO SECUNDARIO--NOMBRE DE PERSONAL | |
| Nombre de persona | Vargas Muñoz, Eugenio |
| Término indicativo de función/relación | coordinación |
| 9 (RLIN) | 48753 |
| 700 1# - ASIENTO SECUNDARIO--NOMBRE DE PERSONAL | |
| Nombre de persona | Olmo Ruiz, Marcela del |
| Término indicativo de función/relación | coordinación |
| 9 (RLIN) | 48754 |
| 700 1# - ASIENTO SECUNDARIO--NOMBRE DE PERSONAL | |
| Nombre de persona | Gardea Cruz, María Nicolasa |
| Término indicativo de función/relación | traducción |
| 9 (RLIN) | 48755 |
| 902 ## - ELEMENTOS DE DATOS B LOCAL, LDB (RLIN) | |
| Modificó | NoemiAcosta/280423 |
| 905 ## - TIPO DE MATERIAL | |
| Tipo de material | Libro |
| 942 ## - ELEMENTOS DE PUNTO DE ACCESO ADICIONAL (KOHA) | |
| Fuente del sistema de clasificación o colocación | Library of Congress Classification |
| Tipo de ítem Koha | Libro |
| Estado de retiro | Estado de pérdida | Fuente del sistema de clasificación o colocación | Estado dañado | No para préstamo | Código de colección | Localización permanente | Ubicación/localización actual | Ubicación en estantería | Fecha de adquisición | Clasificación | Código de barras | Fecha visto por última vez | Tipo de ítem Koha | Número de copia |
|---|---|---|---|---|---|---|---|---|---|---|---|---|---|---|
| Library of Congress Classification | Disponible (Préstamo en sala) | Libros de texto gratuitos | Bib. Gregorio Torres Quintero | Bib. Gregorio Torres Quintero | Colecciones especiales Planta alta | 28/04/2023 | F1221 T25 A43 2010 | 329061 | 31/12/2020 | Libro | ||||
| Library of Congress Classification | Disponible (Préstamo en sala) | Libros de texto gratuitos | Bib. Gregorio Torres Quintero | Bib. Gregorio Torres Quintero | Colecciones especiales Planta alta | 28/04/2023 | F1221 T25 A43 2010 | 329062 | 31/12/2020 | Libro | Ej.2 | |||
| Library of Congress Classification | Disponible (Préstamo en sala) | Libros de texto gratuitos | Bib. Gregorio Torres Quintero | Bib. Gregorio Torres Quintero | Colecciones especiales Planta alta | 28/04/2023 | F1221 T25 A43 2010 | 329064 | 31/12/2020 | Libro | Ej.4 | |||
| Library of Congress Classification | Disponible (Préstamo en sala) | Libros de texto gratuitos | Bib. Gregorio Torres Quintero | Bib. Gregorio Torres Quintero | Colecciones especiales Planta alta | 28/04/2023 | F1221 T25 A43 2010 | 329063 | 31/12/2020 | Libro | Ej.3 | |||
| Library of Congress Classification | Disponible (Préstamo en sala) | Libros de texto gratuitos | Bib. Gregorio Torres Quintero | Bib. Gregorio Torres Quintero | Colecciones especiales Planta alta | 28/04/2023 | F1221 T25 A43 2010 | 329065 | 31/12/2020 | Libro | Ej.5 |
